000 00885nam a2200241 i 4500
001 bg
100 1 _aŚWIĄTKOWSKA, Monika
245 1 0 _aReklama żywności jako narzędzie kształtowania postaw konsumentów i rynku produktów spożywczych /
_cMonika Świątkowska, Stanisław Berger.
260 _aWarszawa :
_bWydaw. SGGW [Szkoły Głównej Gospodarstwa Wiejskiego],
_c2001.
300 _a148 s. :
_bil. ;
_c24 cm.
504 _aBibliogr.
650 9 _aŻywność
_xreklama
_zPolska
_yod 1989 r.
700 1 _aBerger, Stanisław.
_d(1923- ).
020 _a837244255X
040 _cBPK
041 0 _apl
080 _a664
080 _a659.1
920 _a83-7244-255-X
942 _cKS
008 s pl f |000 0 pol
999 _c42015
_d42015
856 _uhttp://koha.tu.koszalin.pl/cgi-bin/koha/opac-detail.pl?biblionumber=42015
_yKatalog online BPK